| 000 | 01125cam a2200313 i 4500 | ||
|---|---|---|---|
| 001 | 41119 | ||
| 003 | Mx-PuUPA | ||
| 005 | 20260512093447.0 | ||
| 008 | 140415s2023 wau fr 000 0 eng d | ||
| 020 |
_a9781615373406 _qempastado |
||
| 040 |
_cMx-PuUPA _aMx-PuUPA _bspa _dMx-PuUPA _erda |
||
| 041 | 0 | _aeng | |
| 245 | 0 | 0 |
_aTextbook of geriatric psychiatry / _cedited by David C. Steffens ; Kristina F. Zdanys |
| 250 | _aSixth edition | ||
| 264 | 1 |
_aWashington, D.C. : _bAmerican Psychiatric Association Publishing, _c©2023 |
|
| 300 |
_axvi, 831 páginas ; _c26 cm |
||
| 336 |
_2rdacontent _atexto _btxt |
||
| 337 |
_2rdamedia _asin medio _bn |
||
| 338 |
_2rdacarrier _avolumen _bnc |
||
| 650 | 7 |
_2armarc _aPsiquiatría geriátrica |
|
| 650 | 7 |
_2armarc _aEnfermedades mentales |
|
| 650 | 7 |
_2armarc _aTrastornos cognitivos en la vejez |
|
| 700 | 1 |
_aSteffens, David C., _eeditor |
|
| 700 | 1 |
_aZdanys, Kristina F., _eeditor |
|
| 942 |
_2ddc _cLI _h618.97689 _iT35 |
||
| 999 |
_c41119 _d41119 |
||